000 00490nam a2200181Ia 4500
999 _c22824
_d22824
003 OSt
005 20200226123647.0
008 190216s9999||||xx |||||||||||||| ||und||
040 _coclc
082 _a158
_bMUE/B
100 _aMueenuddeen
_91944
245 0 _aBandhangalude Manashashtram /
_cMueenuddeen
250 _aVol 1-4
260 _bRinaysans Books,
_c2011.
_aKannur:
300 _a182p
650 _xPsychology
942 _cBK
_2ddc
_h158
_iMUE/B
_k158
_mMUE/B